IFM Opac

New Venture Creation: (Record no. 22180)

MARC details
000 -LEADER
fixed length control field 00381nam a22001457a 4500
020 ## - INTERNATIONAL STANDARD BOOK NUMBER
ISBN 978-981-4577-46-5
082 ## - DEWEY DECIMAL CLASSIFICATION NUMBER
Classification number 658.421
100 ## - MAIN ENTRY--AUTHOR NAME
Personal name Spinell, Stephen
245 ## - TITLE STATEMENT
Title New Venture Creation:
Sub Title Entrepreneurship for the 21st Century
250 ## - EDITION STATEMENT
Edition statement 10th
260 ## - PUBLICATION, DISTRIBUTION, ETC. (IMPRINT)
Place of publication New York:
Name of publisher McGraw-Hill,
Year of publication 2016
300 ## - PHYSICAL DESCRIPTION
Number of Pages xx, 484p.: ill.; 28cm
700 ## - ADDED ENTRY--PERSONAL NAME
Personal name Adams, Robert A.
942 ## - ADDED ENTRY ELEMENTS (KOHA)
Koha item type Books
Holdings
Withdrawn status Lost status Damaged status Not for loan Collection code Permanent Location Current Location Shelving location Date acquired Source of acquisition Full call number Accession Number Price effective from Koha item type
        Non-fiction IFM Main Campus Library IFM Main Campus Library Work Room processing 01/20/2026 Purchased 658.421 SPI 0000030258 01/20/2026 Books
        Non-fiction IFM Main Campus Library IFM Main Campus Library Work Room processing 01/20/2026 Purchased 658.421 SPI 0000030260 01/20/2026 Books
        Non-fiction IFM Main Campus Library IFM Main Campus Library Work Room processing 01/20/2026 Purchased 658.421 SPI 0000030259 01/20/2026 Books